000 00528nam a2200181Ia 4500
008 090124s9999 xx 000 0 und d
082 _b120836
100 _aबनहट्टी राजेंद्र
245 _a गंगार्पण
250 _a1
260 _c1984
300 _a186
600 _aबनहट्टी राजेंद्र
630 _a गंगार्पण
700 _aबनहट्टी राजेंद्र
730 _a गंगार्पण
942 _cBOOK
999 _c166922
_d166922